000 00569nam a2200181Ia 4500
003 GCL
008 140319s9999 xx 000 0 ara d
040 _aGCL /
_cGCL
082 0 4 _a792.015
_bف م
100 1 _aفاروق عبدالوهاب
245 1 0 _aمسرح رشاد رشدى : دراسة تحليلية /
_cفاروق عبدالوهاب
260 _aالقاهرة :
_bمكتبة الانجلوالمصرية
300 _a152 ص
650 0 4 _aالمسرح
650 0 4 _aالنقد المسرحى
650 0 4 _aالمسرحية - نقد
942 _2ddc
_cBK
999 _c46331
_d46331